Shakespeare, Einstein, and the Bottom Line: The Marketing of Higher Education (Record no. 620040)

MARC details
000 -LEADER
fixed length control field 00493nam a2200169 a 4500
008 - FIXED-LENGTH DATA ELEMENTS--GENERAL INFORMATION
fixed length control field 260427s2026##################000#0#eng##
020 ## - INTERNATIONAL STANDARD BOOK NUMBER
ISBN 9780674016347
Paper back/Hardbound pbk
041 ## - LANGUAGE CODE
Language code of text/sound track or separate title eng
082 04 - DEWEY DECIMAL CLASSIFICATION NUMBER
Classification number 378.73
Item number KIR
100 ## - MAIN ENTRY--AUTHOR NAME
Personal name Kirp, David L.
245 10 - TITLE STATEMENT
Title Shakespeare, Einstein, and the Bottom Line: The Marketing of Higher Education
Statement of responsibility, etc / David L. Kirp
260 ## - PUBLICATION, DISTRIBUTION, ETC. (IMPRINT)
Name of publisher Harvard Univ Press,
Year of publication 2004.
300 ## - PHYSICAL DESCRIPTION
Number of Pages 328 pages.
650 ## - SUBJECT ADDED ENTRY--TOPICAL TERM
Topical Term Higher education
942 ## - ADDED ENTRY ELEMENTS (KOHA)
Koha item type English Books
Holdings
Withdrawn status Lost status Damaged status Not for loan Home library Current library Shelving location Date acquired Full call number Accession Number Price effective from Koha item type
        Anna Centenary Library Anna Centenary Library 4TH FLOOR, B WING 27.04.2026 378.73 KIR 492786 27.04.2026 English Books

Find us on the map